000 00419nam a2200133Ia 4500
008 180922s9999 xx 000 0 und d
020 _a9780470497432
100 _aRathbone,Andy.
245 _cAndy Rathbone.--
_aWindows 7 for dummies /
260 _aNew Jersey :
_bWiley Publishing,Inc.
_c2009
300 _axviii, 414 pages.
650 _aMicrosoft Windows (Computer file).
650 _aOperating systems (Computers).
999 _c358824
_d358824